Vetranie hotelovej kuchyne.

Na minha lista:
Detalhes bibliográficos
Autor principal: Hrčka, Marek, 1989- (Author)
Outros Autores: Boďo, Róbert, 1959- (Thesis advisor)
Formato: Manuscrito Livro
Idioma:eslovaco
Publicado em: Bratislava : STU v Bratislave SvF, 2014
Assuntos:
Acesso em linha:VAIS
Tags: Adicionar Tag
Sem tags, seja o primeiro a adicionar uma tag!

MARC

LEADER 00000ntm a22000003a 4500
001 stu297886
005 20150617230311.7
008 140919s2014----xo------------------slo-d
040 |a STU  |b slo 
041 0 |a slo 
044 |a xo 
100 1 |a Hrčka, Marek,  |d 1989-  |4 aut  |u V  |T SvF Stavebná fakulta  |X 58644  |U V  |Y 10  |7 A000058644 
242 0 0 |a Ventilation of hotel kitchen  |y eng 
245 1 |a Vetranie hotelovej kuchyne. 
260 |a Bratislava :  |b STU v Bratislave SvF,  |c 2014 
650 7 |a Building Services  |2 estusub 
700 1 |a Boďo, Róbert,  |d 1959-  |4 ths  |u V290  |U SvF Stavebná fakulta  |T SvF Katedra technických zariadení budov  |X 1019  |U V290  |Y 31  |7 A000001019 
856 4 |a info a plný text  |u http://is.stuba.sk/zp/portal_zp.pl?podrobnosti=100783  |3 VAIS